00477nam a22001937a 450000500170000001000110001702000220002803500110005003700160006104000120007708200130008910000220010224500420012426000380016627000220020430000190022665000180024565000200026320170124110041.0 a794088 c00.00a0091229405 a794088 bCen Lib/Ret aDPLbEN a881bBLA aBlackburn, Thomas aSelected poems /cby Thomas Blackburn bHutchinson & Co.Ltdc1975aLondon a3, Fitzroy Square a88p.c22cm(Hb) aIndian poems. aEnglish poetry.